000
00461nam a2200169Ia 4500
008
090711s9999 xx 000 0 und d
082
_b
78577
100
_a
कलंदर
245
_a
कानोकानी कलंदर
260
_c
1996
300
_a
175
600
_a
कलंदर
630
_a
कानोकानी कलंदर
700
_a
कलंदर
730
_a
कानोकानी कलंदर
942
_c
BOOK
999
_c
289122
_d
289122